| 000 | 00834nam a22002657a 4500 | ||
|---|---|---|---|
| 003 | URS | ||
| 005 | 20230717100852.0 | ||
| 008 | 170324b xxu||||| |||| 00| 0 eng d | ||
| 020 | _a9710805037 | ||
| 040 | _curs | ||
| 050 | 1 | 4 | _aHA 29 D69 1984 |
| 100 | 1 |
_aDownie, Norville Morgan, _d1983- _eauthor |
|
| 245 |
_aBasic statistical methods : _cNorville M. Downie and R.W. Heath |
||
| 250 | _aFifth edition | ||
| 264 |
_aNew York : _bHarper & Row, _c1983. |
||
| 300 |
_avii, 371 pages : _c23 cm _billustration ; |
||
| 336 |
_2rdacontent _atext |
||
| 336 |
_2rdacontent _astill image |
||
| 337 |
_2rdamedia _aunmediated |
||
| 338 |
_2rdacarrier _avolume |
||
| 504 | _aIncludes bibliographical references and index. | ||
| 650 | 0 |
_95402 _aSocial sciences _xStatistical methos |
|
| 700 |
_95548 _aHeath, R.W. _eauthor |
||
| 942 |
_cFR _2lcc |
||
| 999 |
_c14138 _d14138 |
||